Polacy PRL - partia komunistyczna - Statystyki

Ogólne statystyki
  • Ten quiz został rozwiązany 243 razy
  • Średni wynik to 7 z 16
Statystyki odpowiedzi
Obrazkowy Odpowiedź % Poprawnych
Edward Gierek
97%
Wojciech Jaruzelski
92%
Bolesław Bierut
91%
Władysław Gomułka
89%
Edward Ochab
51%
Czesław Kiszczak
50%
Stanisław Kania
50%
Józef Cyrankiewicz
47%
Konstanty Rokossowski
43%
Mieczysław Moczar
26%
Piotr Jaroszewicz
19%
Bolesław Piasecki
18%
Aleksander Zawadzki
17%
Mieczysław Rakowski
17%
Henryk Jabłoński
16%
Józef Tejchma
1%
Nie znaleziono quizów pasujących do podanych kryteriów
Rozkład punktacji
Procent ludzi z każdym wynikiem
Percentyl według liczby udzielonych odpowiedzi
Twoja historia wyników
Nie rozwiązałeś tego quizu